Loading...
| Science - Other | 0 | 4 | 2 | 1 | 30 | 96 | 101.50 | 1 | 2 | 0.00 | 0.00 |
| Religion | 0 | 3 | 0 | 2 | 30 | 108 | 122.33 | 1 | 2 | 0.00 | 0.00 |
| Fine Arts - Other | 0 | 2 | 0 | 1 | 20 | 120 | 120.50 | 0 | 0 | 0.00 | 0.00 |
| History - American | 0 | 2 | 0 | 1 | 20 | 32 | 67.00 | 1 | 1 | 0.00 | 0.00 |
| Science - Biology | 0 | 2 | 0 | 0 | 20 | 63 | 69.50 | 0 | 1 | 0.00 | 0.00 |
| Social Science | 0 | 2 | 0 | 0 | 20 | 95 | 96.50 | 0 | 1 | 0.00 | 0.00 |
| Science - Physics | 0 | 2 | 1 | 0 | 15 | 75 | 89.50 | 0 | 1 | 0.00 | 0.00 |
| Mythology | 0 | 1 | 0 | 0 | 10 | 115 | 115.00 | 0 | 0 | 0.00 | 0.00 |
| Literature - European | 0 | 1 | 0 | 0 | 10 | 137 | 137.00 | 0 | 0 | 0.00 | 0.00 |
| Pop Culture | 0 | 1 | 0 | 0 | 10 | 116 | 116.00 | 0 | 0 | 0.00 | 0.00 |
| History - World | 0 | 1 | 0 | 0 | 10 | 119 | 119.00 | 0 | 0 | 0.00 | 0.00 |
| Literature - American | 0 | 2 | 2 | 0 | 10 | 63 | 95.50 | 1 | 1 | 0.00 | 0.00 |
| Other Academic | 0 | 1 | 1 | 0 | 5 | 57 | 57.00 | 1 | 1 | 0.00 | 0.00 |
| Fine Arts - Painting and Sculpture | 0 | 1 | 1 | 0 | 5 | 74 | 74.00 | 0 | 1 | 0.00 | 0.00 |
| Literature - British | 0 | 0 | 0 | 0 | 0 | 0.00 | 0 | 0 | 0.00 | 0.00 | |
| Literature - World | 0 | 1 | 2 | 0 | 0 | 150 | 150.00 | 0 | 0 | 0.00 | 0.00 |
| Philosophy | 0 | 1 | 2 | 0 | 0 | 91 | 91.00 | 0 | 1 | 0.00 | 0.00 |